Financial management for the public services (Record no. 63099)

MARC details
000 -LEADER
fixed length control field 00872nam a2200169 a 4500
008 - FIXED-LENGTH DATA ELEMENTS--GENERAL INFORMATION
fixed length control field 120416s0000 ||||||||||||||||| || u
020 ## - INTERNATIONAL STANDARD BOOK NUMBER
International Standard Book Number 0335205305
050 ## - LIBRARY OF CONGRESS CALL NUMBER
Classification number HJ 1023 Fin
100 ## - MAIN ENTRY--PERSONAL NAME
Personal name Wilson, John
245 10 - TITLE STATEMENT
Title Financial management for the public services
Statement of responsibility, etc. edited by John Wilson
260 ## - PUBLICATION, DISTRIBUTION, ETC.
Place of publication, distribution, etc. Buckingham
Name of publisher, distributor, etc. Open University Press
Date of publication, distribution, etc. 1998
300 ## - PHYSICAL DESCRIPTION
Extent viii, 280p. : ill.
350 ## -
-- 0.00
995 ## -
-- ANNEX COLLECTION (Main Library)
-- 0.00
-- 735117
-- CBU-MAIN LIBRARY (Kitwe)
-- 3
-- 24.95
-- HJ 1023 Fin
-- 3
-- AVAILABLE
-- 38261
-- Annex Low-Usage Collection
995 ## -
-- ANNEX COLLECTION (Main Library)
-- 0.00
-- 735118
-- CBU-MAIN LIBRARY (Kitwe)
-- 2
-- 24.95
-- HJ 1023 Fin
-- 2
-- AVAILABLE
-- 38262
-- Annex Low-Usage Collection
995 ## -
-- MAIN LIBRARY OPEN ACCESS
-- 0.00
-- 735116
-- CBU-MAIN LIBRARY (Kitwe)
-- 1
-- 24.95
-- HJ 1023 Fin
-- 1
-- AVAILABLE
-- 38260
-- Main Library Open Access Collection
999 ## -
-- 63099
-- 63099
Holdings
Withdrawn status Lost status Source of classification or shelving scheme Damaged status Not for loan Permanent Location Current Location Shelving location Date acquired Total Checkouts Full call number Barcode Date last seen Price effective from Koha item type
          CBU-MAIN LIBRARY, KITWE. CBU-MAIN LIBRARY, KITWE.   12/24/2022   HJ 1023 Fin 38261 12/24/2022 12/24/2022 MONOGRAPH
          CBU-MAIN LIBRARY, KITWE. CBU-MAIN LIBRARY, KITWE.   12/24/2022   HJ 1023 Fin 38262 12/24/2022 12/24/2022 MONOGRAPH
          CBU-MAIN LIBRARY, KITWE. CBU-MAIN LIBRARY, KITWE.   12/24/2022   HJ 1023 Fin 38260 12/24/2022 12/24/2022 MONOGRAPH